Catalog

Record Details

Catalog Search



Gatefather  Cover Image Book Book

Gatefather / Orson Scott Card.

Card, Orson Scott, (author.). Card, Orson Scott. Sequel to: Gate thief. (Added Author).

Summary:

"In Gatefather, the third installment in the Mithermages series, New York Times bestselling author Orson Scott Card continues his fantastic tale of the Mages of Westil who live in exile on Earth. Danny North is the first gatemage to be born on Earth in nearly 2000 years, or at least the first to survive to claim his power. Families of Westil in exile on Earth have had a treaty that required the death of any suspected gatemage. The wars between the Families had been terrible, until at last they realized it was their own survival in question. But a gatemage, one who could build a Great Gate back to Westil, would give his own Family a terrible advantage over all the others, and reignite the wars. So they all had to die. And if the Families didn't kill them, the Gate Thief would-that mysterious mage who destroyed every Great Gate, and the gatemage, before it could be opened between Earth and Westil. But Danny survived. And Danny battled the Gate Thief, and won. What he didn't know at the time was that the Gate Thief had a very good reason for closing the Great Gates-and Danny has now fallen into the power of that great enemy of both Earth and Westil"-- Provided by publisher.

Record details

  • ISBN: 9780765326591
  • ISBN: 0765326590
  • Physical Description: 383 pages ; 25 cm.
  • Edition: First edition.
  • Publisher: New York : Tor, ©2015.

Content descriptions

General Note:
"A Tom Doherty Associates book."
Subject: Magi > Fiction.
Families > Fiction.
Good and evil > Fiction.
Genre: Fantasy fiction, American.

LDR 02484cam a22004098i 4500
001140125
003CONS
00520160119124150.0
008150727s2015 nyu 000 1 eng
010 . ‡a 2015028838
020 . ‡a9780765326591 ‡q(hardback)
020 . ‡a0765326590 ‡q(hardback)
035 . ‡a(CPomAG)LMN590920
042 . ‡apcc
05000. ‡aPS3553.A655 ‡bG39 2015
08200. ‡a813/.54 ‡223
1001 . ‡aCard, Orson Scott, ‡eauthor.
24510. ‡aGatefather / ‡cOrson Scott Card.
2463 . ‡aGate father
250 . ‡aFirst edition.
264 1. ‡aNew York : ‡bTor, ‡c©2015.
300 . ‡a383 pages ; ‡c25 cm.
336 . ‡atext ‡btxt ‡2rdacontent
337 . ‡aunmediated ‡bn ‡2rdamedia
338 . ‡avolume ‡bnc ‡2rdacarrier
4901 . ‡aA novel of the Mithermages ; ‡v[book 3]
500 . ‡a"A Tom Doherty Associates book."
520 . ‡a"In Gatefather, the third installment in the Mithermages series, New York Times bestselling author Orson Scott Card continues his fantastic tale of the Mages of Westil who live in exile on Earth. Danny North is the first gatemage to be born on Earth in nearly 2000 years, or at least the first to survive to claim his power. Families of Westil in exile on Earth have had a treaty that required the death of any suspected gatemage. The wars between the Families had been terrible, until at last they realized it was their own survival in question. But a gatemage, one who could build a Great Gate back to Westil, would give his own Family a terrible advantage over all the others, and reignite the wars. So they all had to die. And if the Families didn't kill them, the Gate Thief would-that mysterious mage who destroyed every Great Gate, and the gatemage, before it could be opened between Earth and Westil. But Danny survived. And Danny battled the Gate Thief, and won. What he didn't know at the time was that the Gate Thief had a very good reason for closing the Great Gates-and Danny has now fallen into the power of that great enemy of both Earth and Westil"-- ‡cProvided by publisher.
650 0. ‡aMagi ‡vFiction.
650 0. ‡aFamilies ‡vFiction.
650 0. ‡aGood and evil ‡vFiction.
655 4. ‡aFantasy fiction, American.
7001 . ‡iSequel to: ‡aCard, Orson Scott. ‡tGate thief.
8001 . ‡aCard, Orson Scott. ‡tMithermages series ; ‡vbook 3.
914 . ‡aSCP_jd
959 . ‡i32269000967789 ‡lF Car ‡aAdult - Fiction ‡tFiction ‡g26.00
852 . ‡p32269000967789 ‡jF Car ‡gAdult - Fiction ‡cFiction ‡y26.00 ‡bSBPL
901 . ‡a140125 ‡bUnknown ‡c140125 ‡tbiblio

Additional Resources